Administration in business / (Record no. 26049)
[ view plain ]
| 000 -LEADER | |
|---|---|
| fixed length control field | 00874cam a22002895a 4500 |
| 001 - CONTROL NUMBER | |
| control field | 009386848 |
| 005 - DATE AND TIME OF LATEST TRANSACTION | |
| control field | 20201128024232.0 |
| 008 - FIXED-LENGTH DATA ELEMENTS--GENERAL INFORMATION | |
| fixed length control field | 840604s1984 enka fr 001 0 eng d |
| 020 ## - INTERNATIONAL STANDARD BOOK NUMBER | |
| International Standard Book Number | 0039105245 |
| 020 ## - INTERNATIONAL STANDARD BOOK NUMBER | |
| International Standard Book Number | 9780039105242 |
| 040 ## - CATALOGING SOURCE | |
| Original cataloging agency | Uk |
| Transcribing agency | Uk |
| Language of cataloging | eng |
| Modifying agency | EG-ScBUE |
| 082 04 - DEWEY DECIMAL CLASSIFICATION NUMBER | |
| Classification number | 658 |
| Edition number | 22 |
| Item number | GAF |
| 100 1# - MAIN ENTRY--PERSONAL NAME | |
| Personal name | Gaffen, Daphne H. |
| 245 10 - TITLE STATEMENT | |
| Title | Administration in business / |
| Statement of responsibility, etc | Daphne H. Gaffen. |
| 250 ## - EDITION STATEMENT | |
| Edition statement | 2nd ed. |
| 260 ## - PUBLICATION, DISTRIBUTION, ETC. (IMPRINT) | |
| Place of publication, distribution, etc | London : |
| Name of publisher, distributor, etc | Holt Rinehart and Winston, |
| Date of publication, distribution, etc | 1984. |
| 300 ## - PHYSICAL DESCRIPTION | |
| Extent | xiii, 283 p. : |
| Other physical details | ill. ; |
| Dimensions | 22 cm. |
| 490 0# - Series Statement | |
| Series statement | Holt business texts |
| 500 ## - GENERAL NOTE | |
| General note | Includes bibliographical references and index. |
| 541 ## - IMMEDIATE SOURCE OF ACQUISITION NOTE | |
| Source of acquisition | Donation from David Kirby. |
| 650 #7 - SUBJECT ADDED ENTRY--TOPICAL TERM | |
| Topical term or geographic name as entry element | Management. |
| Source of heading or term | BUEsh |
| 9 (RLIN) | 553 |
| 650 #7 - SUBJECT ADDED ENTRY--TOPICAL TERM | |
| Topical term or geographic name as entry element | Business. |
| Source of heading or term | BUEsh |
| 9 (RLIN) | 19142 |
| 651 ## - SUBJECT ADDED ENTRY--GEOGRAPHIC NAME | |
| Source of heading or term | BUEsh |
| 653 ## - INDEX TERM--UNCONTROLLED | |
| Resource For college | Generalities |
| -- | BAEPS, Business Administration |
| Arrived date list | January2018 |
| 690 7# - LOCAL SUBJECT ADDED ENTRY--TOPICAL TERM (OCLC, RLIN) | |
| Topical term or geographic name as entry element | Management and Business Studies |
| Source of heading or term | blcoll |
| 942 ## - ADDED ENTRY ELEMENTS (KOHA) | |
| Source of classification or shelving scheme | Dewey Decimal Classification |
| Withdrawn status | Item status | Source of classification or shelving scheme | Damaged status | Not for loan | Home library | Current library | Shelving location | Date acquired | Source of acquisition | Total Checkouts | Total Renewals | Full call number | Barcode | Date last seen | Date last borrowed | Koha item type |
|---|---|---|---|---|---|---|---|---|---|---|---|---|---|---|---|---|
| Dewey Decimal Classification | Central Library | Central Library | First floor | 30/01/2018 | Donation | 1 | 14 | 658 GAF | 000042892 | 15/07/2025 | 20/02/2018 | Book - Borrowing |